| 000 | 00537nam a2200181Ia 4500 | ||
|---|---|---|---|
| 005 | 20250508150652.0 | ||
| 008 | 008 250505s9999 xx 000 0 eng d | ||
| 037 | _aBooks to be hide in OPAC | ||
| 040 |
_aFEDL _beng _cFEDL |
||
| 041 |
_aeng _2eng |
||
| 084 |
_a407, RYB/O _qFEDL |
||
| 100 |
_aRyburn W M _991386 |
||
| 245 | 0 | _aSuggestions for the teaching of the mother-tongue in India | |
| 260 |
_aLondon, UK _bOxford University Press _c1943 |
||
| 300 | _a206p. | ||
| 942 |
_cHB _h407, RYB/O |
||
| 999 |
_c1324938 _d1324938 |
||